[Event "Millionaire Chess Op 2016"]
[Site "Atlantic City USA"]
[Date "2016.10.09"]
[Round "7.10"]
[White "Paragua, Mark"]
[Black "Sevian, Samuel"]
[Result "1/2-1/2"]
[WhiteTitle "GM"]
[BlackTitle "GM"]
[WhiteElo "2503"]
[BlackElo "2591"]
[WhiteFideId "5201241"]
[BlackFideId "2040506"]
[EventDate "2016.10.06"]

1. d4 Nf6 2. Bg5 d5 3. e3 c5 4. Bxf6 gxf6 5. c4 dxc4 6. Bxc4 cxd4 7. exd4 Bg7 8.
Ne2 O-O 9. O-O f5 10. Nbc3 Nc6 11. d5 Ne5 12. Bb3 a6 13. Bc2 Qb6 14. Rb1 Qh6 15.
Qc1 Qh4 16. Qf4 Qxf4 17. Nxf4 Nc4 18. Rfe1 Nxb2 19. Nd1 Nxd1 20. Rbxd1 Bh6 21.
Nh5 e6 22. d6 b5 23. g4 Bb7 24. gxf5 Bf3 25. Nf6+ Kg7 26. Rd3 Kxf6 27. Rxf3 e5
28. Be4 Ra7 29. Rd1 Rd8 30. Bc6 Bf8 31. Rfd3 Rc8 32. d7 Rd8 33. Kg2 Rc7 34. Rc1
a5 35. Kf3 a4 36. Rdd1 Ba3 37. Rc2 Be7 38. Rdc1 Rb8 39. Ke4 a3 40. h4 Ra7 41.
Bxb5 Rxb5 42. Rc6+ Kg7 43. Rg1+ Kf8 44. Rc8+ Bd8 45. Rxd8+ Ke7 46. Rgg8 Rb4+ 47.
Kd5 Rxd7+ 48. Rxd7+ Kxd7 49. Ra8 Rb5+ 50. Ke4 f6 51. Rxa3 Rb2 52. Ra7+ Kd6 53.
Rf7 Re2+ 54. Kf3 Rxa2 55. Rxf6+ Kd5 56. Rh6 Ra4 57. Rxh7 Rf4+ 58. Kg3 Rxf5 59.
Rh6 e4 60. h5 Rf3+ 61. Kg2 Rf5 62. Rh8 Ke6 63. h6 Kf7 64. Ra8 Kg6 65. Ra6+ Kh7
66. Re6 Ra5 67. Rf6 Ra3 68. Re6 Ra4 69. Kf1 Ra2 70. Ke1 Rb2 71. Kf1 Ra2 72. Kg2
Ra3 73. Rxe4 Kxh6 74. Rg4 Ra8 75. Kg3 Rf8 76. f4 Rf6 77. Kf3 Rg6 78. Rh4+ Kg7
79. Ke4 Ra6 80. Rh1 Rb6 81. Kf5 Kf7 82. Rh7+ Kf8 83. Kg5 Rb5+ 84. f5 Rb6 1/2-1/2

[Event "Millionaire Chess Op 2016"]
[Site "Atlantic City USA"]
[Date "2016.10.09"]
[Round "7.11"]
[White "Chandra, Akshat"]
[Black "Stripunsky, Alexander"]
[Result "1/2-1/2"]
[WhiteTitle "IM"]
[BlackTitle "GM"]
[WhiteElo "2490"]
[BlackElo "2548"]
[WhiteFideId "25006711"]
[BlackFideId "2015315"]
[EventDate "2016.10.06"]

1. e4 c5 2. Nf3 e6 3. d4 cxd4 4. Nxd4 a6 5. c4 Nf6 6. Nc3 Qc7 7. Be2 b6 8. Be3
Bb7 9. f3 Be7 10. O-O O-O 11. Qd2 d6 12. Rfc1 Nbd7 13. b4 Rfc8 14. Na4 Qd8 15.
Rab1 Rab8 16. Nb3 Bc6 17. Nc3 Ne5 18. c5 dxc5 19. Bxa6 Qxd2 20. Bxd2 Rd8 21.
bxc5 bxc5 22. Be3 Nfd7 23. Na5 g5 24. Nxc6 Nxc6 25. Rxb8 Rxb8 26. Bb5 Nde5 27.
a4 Nd4 28. Bf1 Rb3 29. a5 Ra3 30. a6 Kg7 31. Bf2 Bf6 32. Nb5 Nxb5 33. Bxb5 c4
34. Kf1 Nd3 35. Rxc4 Ra5 36. Ra4 Rxb5 37. a7 Rb1+ 38. Ke2 Nf4+ 39. Kd2 Rb2+ 40.
Kd1 Rb1+ 41. Kc2 Rb2+ 42. Kd1 1/2-1/2

[Event "Millionaire Chess Op 2016"]
[Site "Atlantic City USA"]
[Date "2016.10.09"]
[Round "7.12"]
[White "Mitkov, Nikola"]
[Black "Chirila, Ioan-Cristian"]
[Result "0-1"]
[WhiteTitle "GM"]
[BlackTitle "GM"]
[WhiteElo "2450"]
[BlackElo "2526"]
[WhiteFideId "15000290"]
[BlackFideId "1211668"]
[EventDate "2016.10.06"]

1. e4 e5 2. Bc4 Nf6 3. Nc3 Nc6 4. d3 Na5 5. Nge2 c6 6. O-O b5 7. Bb3 b4 8. Na4
d6 9. f4 exf4 10. Bxf4 Be7 11. Qe1 Nxb3 12. axb3 c5 13. d4 O-O 14. dxc5 dxc5 15.
Ng3 Be6 16. Rd1 Qc8 17. Bg5 Rd8 18. e5 Nd5 19. Bxe7 Nxe7 20. Ne4 Rxd1 21. Qxd1
c4 22. Qd6 Nf5 23. Qxb4 Ne3 24. Rf3 cxb3 25. c3 Nc4 26. Nd6 Qc6 27. Nxc4 Bxc4
28. Nc5 Qd5 29. h3 Rc8 30. Nb7 Rb8 31. Qc5 Qxc5+ 32. Nxc5 Rb5 33. Nd7 a5 34. Rf4
Be6 35. Rd4 h6 36. c4 Rb4 37. Nc5 a4 38. Rd8+ Kh7 39. Ra8 Rxc4 40. Nxa4 Bd5 41.
Rd8 Be4 42. Nb6 Rc2 43. Rd4 Bxg2 44. Rb4 Rxb2 45. Nc4 Re2 46. e6 Bd5 47. exf7
Bxf7 48. Nd6 Be6 0-1

[Event "Millionaire Chess Op 2016"]
[Site "Atlantic City USA"]
[Date "2016.10.09"]
[Round "7.13"]
[White "Barbosa, Oliver"]
[Black "Valdes Escobar, Alvaro"]
[Result "1-0"]
[WhiteTitle "GM"]
[BlackTitle "IM"]
[WhiteElo "2515"]
[BlackElo "2387"]
[WhiteFideId "5201640"]
[BlackFideId "3405451"]
[EventDate "2016.10.06"]

1. d4 Nf6 2. c4 e6 3. Nf3 Bb4+ 4. Nbd2 O-O 5. a3 Be7 6. e4 d6 7. Bd3 e5 8. O-O
exd4 9. Nxd4 Re8 10. Re1 Nfd7 11. Nf5 Bf6 12. Ne3 Nc5 13. Bc2 a5 14. Rb1 a4 15.
Nd5 Nc6 16. Nf1 Nd4 17. Be3 Ndb3 18. Nd2 Nd4 19. Nxf6+ Qxf6 20. e5 Qh4 21. g3 1-0

[Event "Millionaire Chess Op 2016"]
[Site "Atlantic City USA"]
[Date "2016.10.09"]
[Round "7.14"]
[White "Kaliksteyn, Alexander"]
[Black "Panchanathan, Magesh Chandran"]
[Result "0-1"]
[WhiteTitle "FM"]
[BlackTitle "GM"]
[WhiteElo "2412"]
[BlackElo "2509"]
[WhiteFideId "2007630"]
[BlackFideId "5007429"]
[EventDate "2016.10.06"]

1. d4 Nf6 2. Nf3 e6 3. Bf4 c5 4. e3 Nc6 5. Nbd2 Be7 6. h3 b6 7. Nc4 O-O 8. Nd6
Ne8 9. Nxc8 Qxc8 10. d5 exd5 11. Qxd5 Nf6 12. Qf5 g6 13. Qg5 Re8 14. O-O-O d5
15. g4 Qe6 16. Qh6 Ne4 17. Ng5 Bxg5 18. Bxg5 Nxf2 19. Bg2 Nxd1 20. Bxd5 Qe5 21.
Rxd1 Ne7 22. Bxa8 Rxa8 23. Rd7 f6 24. Bf4 Qe6 25. Rc7 a5 26. a4 c4 27. h4 Rd8
28. h5 Qxg4 29. Kb1 Qd1+ 30. Ka2 Qxc2 0-1

[Event "Millionaire Chess Op 2016"]
[Site "Atlantic City USA"]
[Date "2016.10.09"]
[Round "7.15"]
[White "Yang, Kaiqi"]
[Black "Fishbein, Alexander"]
[Result "0-1"]
[WhiteTitle "IM"]
[BlackTitle "GM"]
[WhiteElo "2392"]
[BlackElo "2474"]
[WhiteFideId "8604398"]
[BlackFideId "2000377"]
[EventDate "2016.10.06"]

1. e4 c5 2. Nf3 d6 3. Bb5+ Bd7 4. Bxd7+ Nxd7 5. O-O Ngf6 6. Qe2 e6 7. d4 cxd4 8.
Nxd4 Be7 9. c4 O-O 10. Nc3 Qa5 11. Bd2 Qh5 12. Qxh5 Nxh5 13. Rac1 g5 14. f3 a6
15. Be3 Ne5 16. b3 Rac8 17. g3 h6 18. Kg2 Kh7 19. Rfd1 Rg8 20. Bf2 Nf6 21. Nde2
Rc7 22. h3 h5 23. g4 h4 24. Bg1 Nfd7 25. Bh2 Ra8 26. Rd2 Rac8 27. Rcd1 Rb8 28.
a4 Rbc8 29. Nc1 Kg8 30. N1e2 Kf8 31. Nd4 Nc5 32. Nb1 Ke8 33. Nc3 Bf6 34. Nb1 Rd7
35. Na3 Ng6 36. Rb1 Be5 37. Ne2 Bxh2 38. Kxh2 Rcd8 39. Nc3 Ne5 40. Kg2 Ncd3 41.
Rh1 Nf4+ 42. Kf2 Kf8 43. Ke3 Neg6 44. Nc2 Rc8 45. Nd4 Re7 46. Nde2 d5 47. cxd5
Rec7 48. d6 Rxc3+ 49. Nxc3 Rxc3+ 50. Kd4 Rc6 51. e5 Ke8 52. Rhh2 f6 53. exf6
Rxd6+ 54. Ke4 Rxd2 55. Rxd2 Nxh3 56. Rc2 Nhf4 57. Ke3 h3 58. Rc1 Kf7 59. Rd1
Kxf6 60. Kf2 Ne7 61. Kg3 Ned5 62. Re1 b6 63. Kh2 a5 64. Kg3 Nb4 65. Re4 Nbd3 66.
Rc4 Nb4 67. Rc8 Nbd5 68. Rf8+ Kg7 69. Rc8 Ne3 70. Rc1 Ne2+ 0-1

[Event "Millionaire Chess Op 2016"]
[Site "Atlantic City USA"]
[Date "2016.10.09"]
[Round "7.17"]
[White "Ramirez, Alejandro"]
[Black "Sorkin, Igor"]
[Result "0-1"]
[WhiteTitle "GM"]
[BlackTitle "FM"]
[WhiteElo "2568"]
[BlackElo "2390"]
[WhiteFideId "6500617"]
[BlackFideId "2803283"]
[EventDate "2016.10.06"]

1. b3 c5 2. Bb2 Nc6 3. e3 e5 4. c4 g6 5. Nc3 Bg7 6. g3 Nge7 7. Bg2 O-O 8. Nge2
d6 9. d3 Be6 10. Nd5 f5 11. a3 Rb8 12. O-O b5 13. Bc3 Bf7 14. f4 h6 15. Rb1 a5
16. Qd2 b4 17. axb4 cxb4 18. Ba1 Nxd5 19. Bxd5 Qb6 20. Kh1 Bxd5+ 21. cxd5 Nd8
22. fxe5 dxe5 23. e4 Nb7 24. Ng1 fxe4 25. dxe4 Rxf1 26. Rxf1 Nc5 27. Qe3 a4 28.
bxa4 b3 29. Rd1 Nxa4 30. Qxb6 Nxb6 31. d6 Kf7 32. Nf3 Nc4 33. d7 Ke7 34. Nd2
Nxd2 35. Rxd2 Rd8 36. Bc3 Rxd7 37. Bb4+ Ke6 38. Rb2 Rb7 39. Ba3 Bf6 40. Kg2 Be7 0-1

[Event "Millionaire Chess Op 2016"]
[Site "Atlantic City USA"]
[Date "2016.10.09"]
[Round "7.18"]
[White "Shabalov, Alexander"]
[Black "Capo Vidal, Uriel"]
[Result "0-1"]
[WhiteTitle "GM"]
[BlackTitle "IM"]
[WhiteElo "2550"]
[BlackElo "2364"]
[WhiteFideId "2008572"]
[BlackFideId "5105382"]
[EventDate "2016.10.06"]

1. e4 c5 2. Nf3 Nc6 3. d4 cxd4 4. Nxd4 Nf6 5. Nc3 e5 6. Ndb5 d6 7. Bg5 a6 8. Na3
b5 9. Nd5 Be7 10. Bxf6 Bxf6 11. c4 b4 12. Nc2 Rb8 13. Qd3 O-O 14. Be2 g6 15. O-O
Bg7 16. b3 f5 17. Bf3 a5 18. a3 bxa3 19. Rxa3 Rf7 20. Nde3 f4 21. Nd5 Bf8 22.
Rd1 Rg7 23. Qe2 Rbb7 24. Bg4 Rbf7 25. Rd3 h5 26. Bxc8 Qxc8 27. Ra1 Rh7 28. Nc3
g5 29. Nb5 Rh6 30. Rad1 Rff6 31. R1d2 g4 32. f3 Rfg6 33. Kf1 gxf3 34. Rxf3 h4
35. h3 Rg7 36. Ne1 Nb4 37. Nd3 Rhg6 38. Nxb4 axb4 39. Rfd3 Qc6 40. Qe1 Be7 41.
Rf2 Bd8 42. Rfd2 Bb6 43. Rxd6 Rxd6 44. Rxd6 Qc5 45. Rxb6 Qxb6 46. Qxh4 Qa5 0-1

[Event "Millionaire Chess Op 2016"]
[Site "Atlantic City USA"]
[Date "2016.10.09"]
[Round "7.19"]
[White "Holt, Conrad"]
[Black "Anwuli, Daniel"]
[Result "0-1"]
[WhiteTitle "GM"]
[BlackTitle "FM"]
[WhiteElo "2549"]
[BlackElo "2306"]
[WhiteFideId "2034387"]
[BlackFideId "8504580"]
[EventDate "2016.10.06"]

1. d4 Nf6 2. c4 g6 3. Nc3 d5 4. Bf4 Bg7 5. e3 O-O 6. Rc1 c6 7. Nf3 Be6 8. Qb3
Qb6 9. c5 Qxb3 10. axb3 Nbd7 11. h3 Bf5 12. b4 a6 13. Be2 Rfe8 14. O-O h6 15. g4
Be6 16. Nd2 h5 17. f3 hxg4 18. fxg4 Nf8 19. Nb3 Bc8 20. Ra1 N6d7 21. b5 e5 22.
dxe5 Bxe5 23. Nd4 Bxf4 24. Rxf4 Ne6 25. Rff1 Ndxc5 26. bxc6 Nxd4 27. exd4 Nb3
28. cxb7 Bxb7 29. Rad1 Rad8 30. Rf6 Re6 31. Rxe6 fxe6 32. g5 Rf8 33. Bg4 Bc8 34.
Ne2 Bd7 35. Rd3 Rb8 36. Nf4 Kf7 37. Nxd5 exd5 38. Bxd7 Rb4 39. Rf3+ Ke7 40. Bg4
Rb6 41. Rd3 Rb4 42. Rf3 Rb6 43. Re3+ Kf7 44. Re5 Rd6 45. Bf3 Nxd4 46. Bxd5+ Kf8
47. Be4 Rb6 48. Kf1 Kf7 49. Rd5 Ne6 50. Re5 Nf4 51. Kf2 Rxb2+ 52. Kg3 Nh5+ 53.
Kg4 Rb4 54. h4 a5 55. Kf3 Rb3+ 56. Kf2 Rb2+ 57. Ke3 Rb3+ 58. Kd4 Rb4+ 59. Kc3
Ng3 60. Bd5+ Kg7 61. Bc4 Ra4 62. Re7+ Kf8 63. Rf7+ Ke8 64. Rh7 Ra3+ 65. Kd4 Rf3
66. Ke5 Kf8 67. Be6 a4 68. Ra7 a3 69. Bd5 Rf5+ 70. Ke6 Ne2 71. Kd6 Nc3 72. Ra8+
Kg7 73. Be6 Nb5+ 74. Kd7 Rf3 75. Rg8+ Kh7 76. Ra8 Rd3+ 77. Ke7 Re3 78. Ra4 Nc7
79. Kd6 Nxe6 80. Ra7+ Ng7 81. Kd5 Rh3 82. Ke5 Rb3 83. Kf6 Rf3+ 84. Ke5 Kg8 85.
Ra8+ Kf7 86. Ra7+ Kf8 87. Ra6 Kf7 88. Ra7+ Kg8 89. Ra8+ Kh7 90. Ra7 Rh3 91. Kf6
Rf3+ 92. Ke5 Rf5+ 93. Ke4 Rb5 94. Rxa3 Rb4+ 95. Ke5 Rxh4 96. Ra7 Rh1 97. Ra3 Rg1
98. Ra7 Rxg5+ 99. Kf4 Rf5+ 100. Kg4 Kh6 101. Ra8 Rg5+ 102. Kf3 Rg1 103. Kf4 Ne6+
104. Ke5 Nc5 105. Kf4 Ne6+ 106. Ke5 Nc5 107. Kf4 g5+ 108. Kf5 Rf1+ 109. Ke5 Nd7+
110. Ke4 Rf4+ 111. Ke3 Nf6 112. Rh8+ Kg6 113. Rh1 Kf5 114. Ra1 Re4+ 115. Kf3 g4+
116. Kg3 Re3+ 117. Kg2 Kf4 118. Ra8 Re2+ 119. Kf1 Re6 120. Rf8 g3 121. Kg2 Re2+
122. Kg1 Re6 123. Kg2 Ra6 124. Rf7 Ra2+ 125. Kg1 Kf5 126. Rg7 Ne4 127. Rg8 Kf4
128. Kf1 Ke3 129. Re8 Rf2+ 130. Kg1 Rf4 131. Kg2 Rf2+ 132. Kg1 Ra2 133. Re7 Kf4
134. Rf7+ Kg4 135. Rg7+ Ng5 136. Rg8 Ra1+ 137. Kg2 Ra2+ 138. Kg1 Kf4 139. Rf8+
Kg4 140. Rg8 Ra4 141. Kg2 Rf4 142. Rg7 Rf2+ 143. Kg1 Kf4 144. Kh1 Rh2+ 145. Kg1
Nf3+ 146. Kf1 Rf2# 0-1

[Event "Millionaire Chess Op 2016"]
[Site "Atlantic City USA"]
[Date "2016.10.09"]
[Round "7.20"]
[White "Gorovets, Andrey"]
[Black "Sinanan, Joshua C"]
[Result "1-0"]
[WhiteTitle "IM"]
[WhiteElo "2543"]
[BlackElo "2162"]
[WhiteFideId "13504037"]
[BlackFideId "2027593"]
[EventDate "2016.10.06"]

1. d4 Nf6 2. c4 e6 3. Nc3 Bb4 4. e3 O-O 5. Ne2 d5 6. a3 Be7 7. cxd5 exd5 8. Nf4
Re8 9. Bd3 c6 10. O-O Nbd7 11. Bc2 Nf8 12. f3 Ne6 13. e4 Nxf4 14. Bxf4 Be6 15.
e5 Nh5 16. Be3 g6 17. g4 Ng7 18. Ne2 f5 19. Nf4 Qd7 20. h3 Rf8 21. Qd3 Rf7 22.
Rf2 Raf8 23. Raf1 Bh4 24. Rg2 Be7 25. g5 Rd8 26. h4 Rff8 27. h5 Bf7 28. hxg6
Bxg6 29. Kf2 Nh5 30. Nxg6 hxg6 31. Rh1 Kg7 32. Rgh2 Qe8 33. f4 Qf7 34. Qb3 Rb8
35. Bd1 Rh8 36. Bd2 Rh7 37. Bxh5 Rxh5 38. Rxh5 gxh5 39. Bb4 Rh8 40. e6 Qe8 41.
Qe3 Bxb4 42. Qe5+ 1-0